[Event "Oregon-ch"]
[Site "Portland"]
[Date "2020.02.15"]
[Round "5"]
[White "Raptis, Nick"]
[Black "Lebovitz, Andrew"]
[Result "1-0"]
[WhiteElo "2204"]
[BlackElo "2049"]
[PlyCount "115"]
[EventDate "2020.02.08"]
[EventType "tourn"]
[EventRounds "9"]
[EventCountry "USA"]
[SourceTitle "CBM 195 Extra"]
[Source "ChessBase"]
[SourceDate "2020.05.31"]
[SourceVersion "1"]
[SourceVersionDate "2020.05.31"]
[SourceQuality "1"]

1. g3 d5 2. Bg2 Nf6 3. c4 e6 4. Nf3 dxc4 5. Qa4+ Bd7 6. Qxc4 c5 7. 0-0 Bc6 8. Nc3 Nbd7 9. d3 Be7 10. Bf4 0-0 11. e4 Nb6 12. Qb3 c4 13. dxc4 Nxe4 14. Rfd1 Qc8 15. Nxe4 Bxe4 16. Rac1 Rd8 17. Qe3 Bc6 18. b3 Rxd1+ 19. Rxd1 Qf8 20. Ne5 Bxg2 21. Kxg2 Rd8 22. Rxd8 Qxd8 23. Qf3 f6 24. Nd3 Qd7 25. Bb8 Nc8 26. c5 a5 27. Qe4 h6 28. h4 Bf8 29. Bf4 Na7 30. Bd2 Nc6 31. Bc3 Be7 32. Nf4 Bxc5 33. Nxe6 Bf8 34. Qh7+ Kf7 35. Nf4 Ne7 36. Bxa5 Qc6+ 37. Kh2 f5 38. Bb4 Qb6 39. Be1 Qc6 40. h5 Qe4 41. Bc3 Qc2 42. Bd4 Qxa2 43. Ng6 Qxb3 44. Qh8 Ng8 45. Nxf8 Kxf8 46. Qxg7+ Ke8 47. Qe5+ Kd8 48. Qxf5 b5 49. Bb6+ Ke7 50. Bc5+ Kd8 51. Qf8+ Kc7 52. Qd6+ Kc8 53. Qc6+ Kd8 54. Qa8+ Kd7 55. Qb7+ Ke6 56. Qc6+ Kf5 57. Qg6+ Ke5 58. f4+ 1-0

[Event "Oregon-ch"]
[Site "Portland"]
[Date "2020.02.09"]
[Round "3"]
[White "Bjorksten, Lennart"]
[Black "Lebovitz, Andrew"]
[Result "0-1"]
[WhiteElo "2028"]
[BlackElo "2049"]
[PlyCount "62"]
[EventDate "2020.02.08"]
[EventType "tourn"]
[EventRounds "9"]
[EventCountry "USA"]
[SourceTitle "CBM 195 Extra"]
[Source "ChessBase"]
[SourceDate "2020.05.31"]
[SourceVersion "1"]
[SourceVersionDate "2020.05.31"]
[SourceQuality "1"]

1. Nf3 d5 2. d4 Nf6 3. g3 e6 4. c4 Be7 5. Bg2 0-0 6. 0-0 c6 7. Qc2 b6 8. Rd1 Bb7 9. a4 Nbd7 10. a5 Rc8 11. axb6 axb6 12. Ra7 Ba8 13. b3 c5 14. Nc3 cxd4 15. Nxd4 Bc5 16. Ncb5 dxc4 17. bxc4 Bxg2 18. Kxg2 Bxd4 19. Rxd4 Ra8 20. f3 Rxa7 21. Nxa7 Qa8 22. Nb5 e5 23. Rd6 e4 24. Bg5 exf3+ 25. exf3 Rc8 26. Bxf6 Nxf6 27. Rxb6 Nd5 28. Qf2 Nxb6 29. Qxb6 Rxc4 30. Nd6 Rc6 31. Qd4 Qa2+ 0-1

[Event "Oregon-ch"]
[Site "Portland"]
[Date "2020.02.09"]
[Round "4"]
[White "Lebovitz, Andrew"]
[Black "Peng, Shunkai"]
[Result "1/2-1/2"]
[WhiteElo "2049"]
[BlackElo "2343"]
[PlyCount "59"]
[EventDate "2020.02.08"]
[EventType "tourn"]
[EventRounds "9"]
[EventCountry "USA"]
[SourceTitle "CBM 195 Extra"]
[Source "ChessBase"]
[SourceDate "2020.05.31"]
[SourceVersion "1"]
[SourceVersionDate "2020.05.31"]
[SourceQuality "1"]

1. d4 Nf6 2. c4 e6 3. g3 d5 4. Bg2 Be7 5. Nf3 0-0 6. 0-0 dxc4 7. Qc2 a6 8. a4 Bd7 9. Qxc4 Bc6 10. Bg5 Bd5 11. Qc2 Be4 12. Qc1 Nc6 13. Nbd2 Bg6 14. Rd1 h6 15. Bf4 Nd5 16. Nc4 Be4 17. Nfe5 Nxe5 18. Bxe4 Nxc4 19. Qxc4 Nxf4 20. gxf4 c6 21. e3 a5 22. Kh1 Ra6 23. Rd3 Bb4 24. Rb3 Qd7 25. Rc1 Rc8 26. Qf1 Qe7 27. Qg2 Qf6 28. Rg1 Raa8 29. Rd3 Kf8 30. Rdd1 1/2-1/2

[Event "US Open-116"]
[Site "Phoenix"]
[Date "2015.08.06"]
[Round "6"]
[White "Chen, Kevin Emmanuel"]
[Black "Lebovitz, Andrew"]
[Result "0-1"]
[WhiteElo "1943"]
[BlackElo "2022"]
[PlyCount "62"]
[EventDate "2015.08.01"]
[EventType "swiss"]
[EventRounds "9"]
[EventCountry "USA"]
[SourceTitle "CBM 167 Extra"]
[Source "ChessBase"]
[SourceDate "2015.09.14"]
[SourceVersion "1"]
[SourceVersionDate "2015.09.14"]
[SourceQuality "1"]

1. d4 d5 2. c4 e6 3. Nc3 c5 4. cxd5 exd5 5. Nf3 Nf6 6. dxc5 Bxc5 7. g3 Nc6 8. Bg2 d4 9. Nb1 0-0 10. 0-0 Re8 11. Bg5 h6 12. Bxf6 Qxf6 13. Nbd2 Bf5 14. Nb3 Bb6 15. Qd2 Rad8 16. Rfd1 d3 17. exd3 Rxd3 18. Qf4 Re4 19. Qc1 Re2 20. Rxd3 Bxd3 21. Nc5 Rc2 22. Qe3 Bxc5 23. Qxd3 Rxf2 24. Qd5 Bb6 25. Kh1 Rxg2 26. Kxg2 Qxb2+ 27. Kh3 Qxa1 28. Qd7 Qf1+ 29. Kg4 Qxf3+ 30. Kxf3 Ne5+ 31. Ke4 Nxd7 0-1

[Event "US Open-116"]
[Site "Phoenix"]
[Date "2015.08.05"]
[Round "5"]
[White "Lebovitz, Andrew"]
[Black "Diamant, Andre"]
[Result "0-1"]
[WhiteElo "2022"]
[BlackElo "2483"]
[PlyCount "33"]
[EventDate "2015.08.01"]
[EventType "swiss"]
[EventRounds "9"]
[EventCountry "USA"]
[SourceTitle "CBM 167 Extra"]
[Source "ChessBase"]
[SourceDate "2015.09.14"]
[SourceVersion "1"]
[SourceVersionDate "2015.09.14"]
[SourceQuality "1"]

1. c4 c5 2. g3 g6 3. Bg2 Bg7 4. Nc3 Nc6 5. Nf3 Nf6 6. 0-0 0-0 7. d4 cxd4 8. Nxd4 Ng4 9. e3 Nxd4 10. exd4 Nh6 11. Bxh6 Bxh6 12. b4 d6 13. Qb3 Bg7 14. Rad1 e6 15. Rfe1 a5 16. b5 Qc7 17. b6 0-1

[Event "US Amateur West-ch"]
[Site "Palo Verde"]
[Date "2010.05.31"]
[Round "6"]
[White "Lebovitz, Andrew"]
[Black "Hu, Bryan"]
[Result "1-0"]
[WhiteElo "2061"]
[BlackElo "2180"]
[PlyCount "85"]
[EventDate "2010.05.29"]
[EventType "swiss"]
[EventRounds "6"]
[EventCountry "USA"]
[SourceTitle "EXT 2014"]
[Source "ChessBase"]
[SourceDate "2013.11.20"]
[SourceVersion "1"]
[SourceVersionDate "2013.11.20"]
[SourceQuality "1"]

1. c4 Nf6 2. g3 e6 3. Bg2 d5 4. Nf3 Be7 5. 0-0 0-0 6. d4 dxc4 7. Qc2 a6 8. a4 Bd7 9. Qxc4 Bc6 10. Bg5 Bd5 11. Qc2 Be4 12. Qc1 Nc6 13. Nbd2 Nxd4 14. Nxd4 Bxg2 15. Nxe6 Qd5 16. Bxf6 Bxf1 17. Nf4 Qd7 18. Bxe7 Qxe7 19. Nxf1 Rad8 20. Ne3 c6 21. a5 Rd7 22. Qc3 Rfd8 23. Nd3 h5 24. h4 g6 25. Ra4 Rd6 26. Rb4 R6d7 27. Nc5 Rd1+ 28. Kg2 R1d2 29. Rxb7 Qf8 30. Ne4 R2d4 31. Nf6+ Kh8 32. Nc2 Rd1 33. Nxh5+ Kh7 34. Nf6+ Kh8 35. Ne4+ Qg7 36. Rxf7 Qxc3 37. bxc3 Kg8 38. Ra7 c5 39. Rxa6 Kf7 40. Ne3 Re1 41. Ng5+ Ke7 42. Rxg6 Rxe2 43. Nf5+ 1-0

[Event "US Amateur West-ch"]
[Site "Palo Verde"]
[Date "2010.05.30"]
[Round "4"]
[White "Kruml, Joseph"]
[Black "Lebovitz, Andrew"]
[Result "1-0"]
[WhiteElo "2170"]
[BlackElo "2061"]
[PlyCount "69"]
[EventDate "2010.05.29"]
[EventType "swiss"]
[EventRounds "6"]
[EventCountry "USA"]
[SourceTitle "EXT 2014"]
[Source "ChessBase"]
[SourceDate "2013.11.20"]
[SourceVersion "1"]
[SourceVersionDate "2013.11.20"]
[SourceQuality "1"]

1. Nf3 Nf6 2. b3 b6 3. Bb2 Bb7 4. c4 e6 5. e3 Be7 6. Be2 0-0 7. 0-0 d6 8. Nc3 Nbd7 9. Qc2 c5 10. a3 Rc8 11. b4 d5 12. cxd5 Nxd5 13. Nxd5 Bxd5 14. b5 Bf6 15. a4 Bxb2 16. Qxb2 Qf6 17. Qxf6 Nxf6 18. a5 Rfd8 19. axb6 axb6 20. Ra6 Nd7 21. d3 Ra8 22. Rfa1 Bb7 23. Ra7 Rxa7 24. Rxa7 Bxf3 25. gxf3 g5 26. Rb7 Kf8 27. Kg2 Ke8 28. Kg3 Rb8 29. Ra7 Nf6 30. f4 gxf4+ 31. Kxf4 Nd5+ 32. Ke5 Nc3 33. Bh5 Nxb5 34. Rxf7 Kd8 35. Rxh7 1-0

[Event "US Amateur West-ch"]
[Site "Palo Verde"]
[Date "2010.05.29"]
[Round "1"]
[White "Collins, Edward D"]
[Black "Lebovitz, Andrew"]
[Result "0-1"]
[WhiteElo "1690"]
[BlackElo "2061"]
[PlyCount "110"]
[EventDate "2010.05.29"]
[EventType "swiss"]
[EventRounds "6"]
[EventCountry "USA"]
[SourceTitle "EXT 2014"]
[Source "ChessBase"]
[SourceDate "2013.11.20"]
[SourceVersion "1"]
[SourceVersionDate "2013.11.20"]
[SourceQuality "1"]

1. d4 Nf6 2. Nf3 g6 3. c4 Bg7 4. e3 0-0 5. Nc3 c5 6. Be2 cxd4 7. exd4 d5 8. 0-0 dxc4 9. Bxc4 Nc6 10. h3 b6 11. Be3 Bb7 12. Rc1 Rc8 13. b3 Nb4 14. Qe2 Nbd5 15. Rfd1 Nxc3 16. Rxc3 b5 17. Bxf7+ Rxf7 18. Rxc8 Qxc8 19. Ne5 Rf8 20. Qxb5 Qa8 21. f3 Nd5 22. Re1 Rd8 23. Bf2 Nf4 24. Kh2 Bd5 25. Qb4 Bf6 26. Qd2 Ne6 27. Ng4 Bg5 28. Be3 Bh4 29. Rf1 Qb8+ 30. Ne5 Bf6 31. f4 Qb7 32. g4 Ng7 33. Qf2 e6 34. g5 Be7 35. Ng4 Nf5 36. h4 Rc8 37. Ne5 Be4 38. Nc4 Qd5 39. Rc1 Rc6 40. h5 Bd6 41. h6 Bd3 42. Nxd6 Rxc1 43. Bxc1 Qxd6 44. Qf3 Qxd4 45. Qa8+ Kf7 46. Qb7+ Ne7 47. Ba3 Qxf4+ 48. Kg1 Qg3+ 49. Qg2 Qxg2+ 50. Kxg2 Bb1 51. Bc5 Bxa2 52. Bxa7 Bxb3 53. Kf3 e5 54. Ke4 Ke6 55. Bf2 Bd5+ 0-1

[Event "US Amateur West-ch"]
[Site "Palo Verde"]
[Date "2009.05.23"]
[Round "2"]
[White "Lebovitz, Andrew"]
[Black "Purcell, Brendan"]
[Result "1-0"]
[WhiteElo "1964"]
[BlackElo "2096"]
[PlyCount "47"]
[EventDate "2009.05.23"]
[EventType "swiss"]
[EventRounds "6"]
[EventCountry "USA"]
[SourceTitle "EXT 2014"]
[Source "ChessBase"]
[SourceDate "2013.11.20"]
[SourceVersion "1"]
[SourceVersionDate "2013.11.20"]
[SourceQuality "1"]

1. d4 d5 2. c4 c6 3. Nc3 e5 4. dxe5 d4 5. Ne4 Qa5+ 6. Bd2 Qxe5 7. Ng3 Nf6 8. Nf3 Qd6 9. Qc2 Be7 10. 0-0-0 c5 11. e3 dxe3 12. fxe3 Nc6 13. a3 0-0 14. Bc3 Qc7 15. Bd3 a6 16. Ng5 Ne5 17. Bxh7+ Kh8 18. Bf5 g6 19. Bxc8 Raxc8 20. Rdf1 Neg4 21. N3e4 Kg7 22. Nxf6 Bxf6 23. Rxf6 Kh6 24. Nxf7+ 1-0

[Event "US Amateur West-ch"]
[Site "Palo Verde"]
[Date "2003.05.26"]
[Round "5"]
[White "Lebovitz, Andrew"]
[Black "Bohm, David"]
[Result "1/2-1/2"]
[WhiteElo "1894"]
[BlackElo "1719"]
[PlyCount "63"]
[EventDate "2003.05.24"]
[EventType "swiss"]
[EventRounds "6"]
[EventCountry "USA"]
[SourceTitle "EXT 2014"]
[Source "ChessBase"]
[SourceDate "2013.11.20"]
[SourceVersion "1"]
[SourceVersionDate "2013.11.20"]
[SourceQuality "1"]

1. e4 e6 2. d4 d5 3. Nc3 Nf6 4. Bg5 Be7 5. e5 Nfd7 6. Bxe7 Qxe7 7. Qd2 a6 8. f4 c5 9. Nf3 Nc6 10. Be2 b5 11. a3 cxd4 12. Nxd4 Nxd4 13. Qxd4 0-0 14. 0-0 Bb7 15. Bf3 Rfc8 16. Kh1 Rc4 17. Qd2 Rac8 18. Rac1 b4 19. Nb1 Qc5 20. axb4 Qxb4 21. c3 Qb6 22. Na3 R4c7 23. Rb1 a5 24. Nc2 Ba6 25. Be2 Nc5 26. Nd4 Ne4 27. Qe3 Bxe2 28. Qxe2 Rb7 29. g3 Rc4 30. f5 exf5 31. Nxf5 Qe6 32. Ne3 1/2-1/2

[Event "US Amateur West-ch"]
[Site "Palo Verde"]
[Date "2003.05.24"]
[Round "1"]
[White "Lebovitz, Andrew"]
[Black "Hao, David"]
[Result "0-1"]
[WhiteElo "1894"]
[BlackElo "1492"]
[PlyCount "64"]
[EventDate "2003.05.24"]
[EventType "swiss"]
[EventRounds "6"]
[EventCountry "USA"]
[SourceTitle "EXT 2014"]
[Source "ChessBase"]
[SourceDate "2013.11.20"]
[SourceVersion "1"]
[SourceVersionDate "2013.11.20"]
[SourceQuality "1"]

1. e4 g6 2. d4 Bg7 3. Nc3 d6 4. Bg5 Nc6 5. Nge2 Nf6 6. Qd2 h6 7. Bh4 e6 8. 0-0-0 Nxe4 9. Bxd8 Nxd2 10. Bxc7 Nc4 11. Ng1 Kd7 12. Bxc4 Kxc7 13. Nf3 d5 14. Be2 a6 15. Rd2 b5 16. h4 h5 17. Nd1 b4 18. Ne3 a5 19. Kb1 a4 20. Bb5 Bd7 21. Bxc6 Bxc6 22. Ne5 Bxe5 23. dxe5 Rhd8 24. Rd4 Rab8 25. f4 b3 26. cxb3 axb3 27. a3 Ra8 28. Rc1 Kd7 29. Rb4 Rdb8 30. Rxb8 Rxb8 31. Rc3 d4 32. Rd3 Be4 0-1